[Event "Titled Tue 3rd Jan Late"]
[Site "chess.com INT"]
[Date "2025.06.03"]
[Round "1"]
[White "Khenkin, Igor"]
[Black "Tilahun, Abel Mathewos"]
[Result "1-0"]
[WhiteTitle "GM"]
[BlackTitle "CM"]
[WhiteElo "2499"]
[BlackElo "1944"]
[WhiteFideId "4659600"]
[BlackFideId "15702391"]
[EventDate "2025.06.03"]

1. Nf3 Nf6 2. g3 g6 3. Bg2 Bg7 4. O-O O-O 5. d4 d6 6. Re1 c5 7. dxc5 dxc5 8. c3
Nc6 9. Qxd8 Rxd8 10. Be3 Nd7 11. Nfd2 b6 12. Bxc6 Rb8 13. a4 1-0

[Event "Titled Tue 3rd Jan Late"]
[Site "chess.com INT"]
[Date "2025.06.03"]
[Round "1"]
[White "Kovacsy, Barnabas"]
[Black "Bluebaum, Matthias"]
[Result "0-1"]
[WhiteTitle "FM"]
[BlackTitle "GM"]
[WhiteElo "2252"]
[BlackElo "2660"]
[WhiteFideId "769290"]
[BlackFideId "24651516"]
[EventDate "2025.06.03"]

1. e4 e6 2. d4 d5 3. exd5 exd5 4. Nf3 Nc6 5. Bb5 a6 6. Bxc6+ bxc6 7. O-O Bd6 8.
Re1+ Ne7 9. c4 dxc4 10. Nbd2 O-O 11. Nxc4 Be6 12. Nce5 Bd5 13. Nd3 Ng6 14. Bg5
Bxf3 0-1

[Event "Titled Tue 3rd Jan Late"]
[Site "chess.com INT"]
[Date "2025.06.03"]
[Round "1"]
[White "Jing, Andrew"]
[Black "Gelman, Alexander"]
[Result "1-0"]
[WhiteTitle "FM"]
[BlackTitle "IM"]
[WhiteElo "2254"]
[BlackElo "2403"]
[WhiteFideId "30984076"]
[BlackFideId "4118316"]
[EventDate "2025.06.03"]

1. e4 e5 2. Nf3 d6 3. d4 exd4 4. Nxd4 Nf6 5. Nc3 Be7 6. f3 O-O 7. Bc4 c6 8. O-O
Re8 9. Bb3 Nbd7 10. Nf5 Nc5 11. Nxe7+ Qxe7 12. Bf4 d5 13. exd5 Nxb3 14. d6 Qe6
15. axb3 Qf5 16. Qd2 Be6 17. Rfe1 a6 18. Re5 Qg6 19. Rg5 Qh6 20. Raa5 Nd5 21.
Rgxd5 1-0

[Event "Titled Tue 3rd Jan Late"]
[Site "chess.com INT"]
[Date "2025.06.03"]
[Round "1"]
[White "Jagirapu, Harshin Reddy"]
[Black "Khegay, Yuliya"]
[Result "1-0"]
[BlackTitle "WFM"]
[WhiteElo "2042"]
[BlackElo "1879"]
[WhiteFideId "39910679"]
[BlackFideId "14205394"]
[EventDate "2025.06.03"]

1. d4 Nf6 2. c4 e6 3. g3 c5 4. d5 exd5 5. cxd5 d6 6. Nc3 g6 7. Bg2 Bg7 8. Nf3
O-O 9. O-O Bg4 10. Nd2 a6 11. a4 Re8 12. Nc4 Qc7 13. Bf4 Rd8 14. h3 Bc8 15. e4
Ne8 16. Re1 Nd7 17. a5 Ne5 18. Nxe5 Bxe5 19. Bxe5 dxe5 20. Qc2 b5 21. axb6 Qb7
22. Na4 1-0

[Event "Titled Tue 3rd Jan Late"]
[Site "chess.com INT"]
[Date "2025.06.03"]
[Round "1"]
[White "Garcia Correa, Jose Ricardo"]
[Black "Kalyani Sirin"]
[Result "0-1"]
[WhiteTitle "FM"]
[BlackTitle "WFM"]
[WhiteElo "2103"]
[BlackElo "2136"]
[WhiteFideId "5101832"]
[BlackFideId "33323500"]
[EventDate "2025.06.03"]

1. e4 e5 2. Nf3 Nc6 3. Bb5 f5 4. Nc3 fxe4 5. Nxe4 Nf6 6. Ng3 e4 7. Qe2 Qe7 8.
Bxc6 bxc6 9. Nd4 g6 10. O-O Bg7 11. d3 exd3 12. Qxd3 O-O 13. Qc4+ Qf7 14. Qd3
Nd5 15. c3 a5 16. a3 Ba6 17. c4 Nf4 18. Bxf4 Qxf4 19. Rad1 Qf7 20. b3 a4 21. Rc1
axb3 22. Qxb3 Bxd4 0-1

[Event "Titled Tue 3rd Jan Late"]
[Site "chess.com INT"]
[Date "2025.06.03"]
[Round "1"]
[White "Hadzovic, Amir"]
[Black "Sjugirov, Sanan"]
[Result "0-1"]
[WhiteTitle "FM"]
[BlackTitle "GM"]
[WhiteElo "2354"]
[BlackElo "2638"]
[WhiteFideId "14402300"]
[BlackFideId "4189302"]
[EventDate "2025.06.03"]

1. e4 c5 2. Nc3 Nc6 3. f4 g6 4. Nf3 Bg7 5. a3 e6 6. b4 cxb4 7. axb4 Nge7 8. b5
Nd4 9. Bb2 O-O 10. Bd3 d6 11. O-O Bd7 12. e5 Nxf3+ 13. Qxf3 dxe5 14. fxe5 Bxe5
15. Qxb7 Nd5 16. Rxa7 Bd4+ 17. Kh1 Rxa7 0-1

[Event "Titled Tue 3rd Jan Late"]
[Site "chess.com INT"]
[Date "2025.06.03"]
[Round "1"]
[White "Kilic, Eray"]
[Black "Baches Garcia, Guillermo"]
[Result "1-0"]
[WhiteTitle "IM"]
[BlackTitle "IM"]
[WhiteElo "2469"]
[BlackElo "2305"]
[WhiteFideId "44517173"]
[BlackFideId "2209764"]
[EventDate "2025.06.03"]

1. e4 c5 2. c3 e5 3. Nf3 Nc6 4. Bc4 Nf6 5. d3 d5 6. exd5 Nxd5 7. O-O Be7 8. Re1
f6 9. d4 cxd4 10. cxd4 exd4 11. Nxd4 O-O 12. Bxd5+ Qxd5 13. Nxc6 Qxc6 14. Rxe7
Bf5 15. Nc3 Rad8 16. Qb3+ Kh8 17. Be3 Bd3 18. Qxb7 Qxg2+ 19. Kxg2 1-0

[Event "Titled Tue 3rd Jan Late"]
[Site "chess.com INT"]
[Date "2025.06.03"]
[Round "1"]
[White "Sroczynski, Maciej"]
[Black "Naroditsky, Daniel"]
[Result "0-1"]
[WhiteTitle "FM"]
[BlackTitle "GM"]
[WhiteElo "2236"]
[BlackElo "2619"]
[WhiteFideId "1121472"]
[BlackFideId "2026961"]
[EventDate "2025.06.03"]

1. d4 Nf6 2. c4 g6 3. Nc3 Bg7 4. e4 d6 5. Nf3 O-O 6. Be2 Na6 7. O-O e5 8. Re1
Bg4 9. Be3 exd4 10. Nxd4 Bxe2 11. Qxe2 Re8 12. f3 c6 13. Qf2 Nd7 14. Rad1 Ne5
15. b3 Nc5 16. Qc2 Qa5 17. Nde2 Rad8 18. Bg5 Ncd3 19. Bxd8 Qc5+ 20. Nd4 Qxd4+
21. Kf1 Nxe1 22. Kxe1 Qg1+ 23. Kd2 Bh6+ 0-1

[Event "Titled Tue 3rd Jan Late"]
[Site "chess.com INT"]
[Date "2025.06.03"]
[Round "1"]
[White "Mafra, Kaiser Luiz"]
[Black "Hoeffer, David"]
[Result "0-1"]
[WhiteTitle "CM"]
[BlackTitle "FM"]
[WhiteElo "2094"]
[BlackElo "2295"]
[WhiteFideId "2106698"]
[BlackFideId "24606766"]
[EventDate "2025.06.03"]

1. d4 d5 2. Nc3 Nc6 3. Bf4 e5 4. dxe5 d4 5. Ne4 f5 6. Ng3 g5 7. e4 gxf4 8. Qh5+
Ke7 9. Qg5+ Kf7 10. Qxf4 Bh6 11. Bc4+ Kf8 12. Qf3 Nxe5 13. Qe2 Nxc4 14. Qxc4 Nf6
15. Nxf5 Bxf5 16. exf5 Qd5 17. Qb4+ c5 18. Qb3 Qxg2 19. Qf3 Re8+ 20. Kd1 Qf1# 0-1

[Event "Titled Tue 3rd Jan Late"]
[Site "chess.com INT"]
[Date "2025.06.03"]
[Round "1"]
[White "Lymar, Vladislav"]
[Black "Hambardzumian, Yuri"]
[Result "1-0"]
[WhiteTitle "CM"]
[BlackTitle "IM"]
[WhiteElo "2216"]
[BlackElo "2301"]
[WhiteFideId "14162180"]
[BlackFideId "13302795"]
[EventDate "2025.06.03"]

1. e4 e6 2. d4 d5 3. Nd2 c5 4. Ngf3 Nf6 5. e5 Nfd7 6. c3 Nc6 7. Bd3 Be7 8. O-O
f6 9. exf6 Bxf6 10. Re1 Qe7 11. c4 dxc4 12. d5 Nce5 13. Nxc4 Nxc4 14. Rxe6 Qxe6
15. dxe6 Nde5 16. Bxc4 Nxc4 17. Qa4+ Ke7 18. Qxc4 Bxe6 19. Qxc5+ Kf7 20. Ng5+
Bxg5 21. Bxg5 Rac8 22. Qe7+ Kg6 23. Qxe6+ Kxg5 24. Re1 Rhf8 25. Re5+ Kf4 26. g3+
Kf3 27. Re3# 1-0

[Event "Titled Tue 3rd Jan Late"]
[Site "chess.com INT"]
[Date "2025.06.03"]
[Round "1"]
[White "Rustamov, Rustam"]
[Black "Vasenev, Sergey"]
[Result "1-0"]
[WhiteTitle "FM"]
[BlackTitle "FM"]
[WhiteElo "2323"]
[BlackElo "2283"]
[WhiteFideId "13440110"]
[BlackFideId "4126858"]
[EventDate "2025.06.03"]

1. e4 e5 2. Nf3 Nc6 3. Bb5 Nf6 4. O-O Nxe4 5. Re1 Nd6 6. Nxe5 Nxe5 7. Rxe5+ Be7
8. Bf1 O-O 9. d4 Bf6 10. Bd3 g6 11. Nc3 Re8 12. Bf4 a6 13. Nd5 Bxe5 14. dxe5 c6
15. Nf6+ Kh8 16. Qg4 Rg8 17. Nxg8 1-0

[Event "Titled Tue 3rd Jan Late"]
[Site "chess.com INT"]
[Date "2025.06.03"]
[Round "1"]
[White "Lazavik, Denis"]
[Black "Radchenko, Alexey"]
[Result "1-0"]
[WhiteTitle "GM"]
[BlackTitle "FM"]
[WhiteElo "2577"]
[BlackElo "2293"]
[WhiteFideId "13515110"]
[BlackFideId "4192362"]
[EventDate "2025.06.03"]

1. e4 c6 2. d4 d5 3. e5 c5 4. c3 cxd4 5. cxd4 Nc6 6. Be2 Bf5 7. Nf3 e6 8. O-O h6
9. Nc3 Bb4 10. Na4 Nge7 11. a3 Ba5 12. b4 Bc7 13. Be3 O-O 14. Rc1 a6 15. Qd2 Kh7
16. Nh4 Be4 17. f3 Bf5 18. Nc5 b6 19. Nxa6 Bb8 20. Nxf5 Nxf5 21. Rxc6 f6 22.
Rxe6 Qc8 23. Rxb6 Ba7 24. Rc1 Bxb6 25. Rxc8 Rfxc8 26. Bd3 g6 27. Bxf5 gxf5 28.
Nc5 Rxa3 29. h4 fxe5 30. dxe5 Bc7 31. Qxd5 Rg8 32. Qf7+ Rg7 33. Qxf5+ Kh8 34.
Bxh6 Rg8 35. Ne6 Bb6+ 36. Kh2 Ra1 37. Bg7+ Rxg7 38. Qf8+ Rg8 39. Qh6# 1-0

[Event "Titled Tue 3rd Jan Late"]
[Site "chess.com INT"]
[Date "2025.06.03"]
[Round "1"]
[White "Pranav, V"]
[Black "Ferriz Barrios, Andres"]
[Result "1-0"]
[WhiteTitle "GM"]
[BlackTitle "FM"]
[WhiteElo "2621"]
[BlackElo "2102"]
[WhiteFideId "25060783"]
[BlackFideId "5104467"]
[EventDate "2025.06.03"]

1. e4 e6 2. d3 d5 3. Nd2 dxe4 4. dxe4 b6 5. Ngf3 Bb7 6. Bd3 Nd7 7. O-O Bd6 8.
Qe2 e5 9. Nc4 Qe7 10. Ne3 g6 11. c4 Ngf6 12. Nd5 Bxd5 13. cxd5 h6 14. Bd2 Kf8
15. Rac1 Kg7 16. g3 a5 17. Rfe1 Nc5 18. Bb1 Na4 19. b3 Nc5 20. Kg2 Qd7 21. h3 a4
22. b4 Na6 23. a3 b5 24. Bd3 Rhb8 25. Rc6 Rb6 26. Bxb5 Qc8 27. Rxb6 cxb6 28. Rc1 1-0

[Event "Titled Tue 3rd Jan Late"]
[Site "chess.com INT"]
[Date "2025.06.03"]
[Round "1"]
[White "Guliev, Gasan"]
[Black "Tahmasebi, Hamidreza"]
[Result "0-1"]
[WhiteTitle "CM"]
[BlackTitle "FM"]
[WhiteElo "2123"]
[BlackElo "2298"]
[WhiteFideId "34165638"]
[BlackFideId "12537527"]
[EventDate "2025.06.03"]

1. d4 Nf6 2. Bg5 Ne4 3. h4 c5 4. Nd2 Nxg5 5. d5 Ne6 6. dxe6 dxe6 7. e3 g6 8. Ne4
Qb6 9. Rb1 Bg7 10. c3 Nc6 11. h5 Bd7 12. Qb3 O-O-O 13. Bb5 Kb8 14. Nf3 Na5 15.
Qc2 Bxb5 16. b4 Bd3 0-1

[Event "Titled Tue 3rd Jan Late"]
[Site "chess.com INT"]
[Date "2025.06.03"]
[Round "1"]
[White "Vila Dupla, Aurelio"]
[Black "Ezat, Mohamed"]
[Result "0-1"]
[WhiteTitle "FM"]
[BlackTitle "IM"]
[WhiteElo "2056"]
[BlackElo "2296"]
[WhiteFideId "2203383"]
[BlackFideId "10600906"]
[EventDate "2025.06.03"]

1. Nf3 Nf6 2. d4 g6 3. g3 Bg7 4. Bg2 O-O 5. O-O d6 6. c4 Nc6 7. Nc3 Bg4 8. h3
Bxf3 9. Bxf3 Nd7 10. e3 e5 11. d5 Ne7 12. Bg2 f5 13. f4 Kh8 14. Qc2 Ng8 15. b3
Ngf6 16. Bb2 Nh5 17. Kh2 g5 18. Ne2 Bf6 19. fxe5 Nxe5 20. Rxf5 Ng7 21. Rff1 g4
22. Nf4 gxh3 23. Bxh3 Qe7 24. Kg2 Rg8 25. Nh5 Nxh5 0-1

[Event "Titled Tue 3rd Jan Late"]
[Site "chess.com INT"]
[Date "2025.06.03"]
[Round "1"]
[White "Garzon Zapatanga, Christopher Leonel"]
[Black "Arya G Mallar"]
[Result "1-0"]
[WhiteTitle "FM"]
[BlackTitle "WCM"]
[WhiteElo "2168"]
[BlackElo "2014"]
[WhiteFideId "3634787"]
[BlackFideId "25115324"]
[EventDate "2025.06.03"]

1. b3 Nf6 2. Bb2 c5 3. e3 Nc6 4. Nf3 g6 5. c4 Bg7 6. Be2 O-O 7. O-O b6 8. d4
cxd4 9. Nxd4 Bb7 10. Bf3 Rc8 11. Nd2 d5 12. cxd5 Nxd5 13. Nxc6 Bxc6 14. Bxg7
Kxg7 15. Rc1 e6 16. Nc4 Qe7 17. Qd4+ Kg8 18. Ne5 Ba8 19. Ng4 f6 20. Rxc8 Rxc8
21. Bxd5 Bxd5 22. Nxf6+ Kf8 23. Nxd5 exd5 24. Qh8+ Kf7 25. Qxc8 1-0

[Event "Titled Tue 3rd Jan Late"]
[Site "chess.com INT"]
[Date "2025.06.03"]
[Round "1"]
[White "Atanasov, Anthony"]
[Black "Eliseev, Sergey"]
[Result "1-0"]
[WhiteTitle "IM"]
[BlackTitle "FM"]
[WhiteElo "2402"]
[BlackElo "2254"]
[WhiteFideId "2623897"]
[BlackFideId "1534734"]
[EventDate "2025.06.03"]

1. e4 c5 2. Nf3 d6 3. d4 cxd4 4. Nxd4 Nf6 5. Nc3 a6 6. a4 e5 7. Nf3 Be7 8. Bg5
Be6 9. Bxf6 Bxf6 10. Nd5 Be7 11. Bc4 O-O 12. O-O Nc6 13. h3 Bf6 14. c3 Rc8 15.
Ba2 g6 16. Qd2 Bg7 17. Rfd1 f5 18. Ng5 Bf7 19. Nxf7 Rxf7 20. Ne3 f4 21. Bxf7+
Kxf7 22. Nc4 Nd4 23. cxd4 Rxc4 24. dxe5 Bxe5 25. Qd5+ 1-0

[Event "Titled Tue 3rd Jan Late"]
[Site "chess.com INT"]
[Date "2025.06.03"]
[Round "1"]
[White "Ambartsumova, Karina"]
[Black "Albertini, Luca"]
[Result "1-0"]
[WhiteTitle "IM"]
[WhiteElo "2403"]
[BlackElo "2139"]
[WhiteFideId "4166299"]
[BlackFideId "847038"]
[EventDate "2025.06.03"]

1. Nf3 Nf6 2. c4 Nc6 3. Nc3 e5 4. a3 d5 5. cxd5 Nxd5 6. e4 Nb6 7. Bb5 Bc5 8. O-O
f6 9. b4 Bd4 10. Bb2 O-O 11. h3 Be6 12. Bxc6 bxc6 13. Nxd4 exd4 14. Ne2 d3 15.
Nd4 Qd6 16. Rc1 Bc4 17. Qg4 Rf7 18. Nf5 h5 19. Nxd6 hxg4 20. Nxc4 gxh3 21. gxh3 1-0

[Event "Titled Tue 3rd Jan Late"]
[Site "chess.com INT"]
[Date "2025.06.03"]
[Round "1"]
[White "Deng, Henry"]
[Black "Alazmi, Amani"]
[Result "1-0"]
[WhiteTitle "FM"]
[BlackTitle "WCM"]
[WhiteElo "2327"]
[BlackElo "1725"]
[WhiteFideId "30965454"]
[BlackFideId "10303553"]
[EventDate "2025.06.03"]

1. Nf3 Nf6 2. b3 g6 3. Bb2 Bg7 4. g3 O-O 5. Bg2 c5 6. O-O d5 7. e3 Nc6 8. d4
cxd4 9. Nxd4 Bd7 10. Nd2 Rc8 11. c4 dxc4 12. Nxc4 a6 13. Rc1 Nxd4 14. Bxd4 Bc6
15. Nb6 Rb8 16. Bxc6 bxc6 17. Rxc6 Qe8 18. Rc2 Qb5 19. Nc4 h5 20. Qf3 Rfd8 21.
Rfc1 Qg5 22. h4 Qb5 23. Ne5 e6 24. Nc6 e5 25. Bxe5 Rbc8 26. Bxf6 Rd6 27. Ne7+ 1-0

[Event "Titled Tue 3rd Jan Late"]
[Site "chess.com INT"]
[Date "2025.06.03"]
[Round "1"]
[White "Komliakov, Viktor"]
[Black "Yazici, Ugur Doga"]
[Result "1-0"]
[WhiteTitle "GM"]
[BlackTitle "CM"]
[WhiteElo "2372"]
[BlackElo "2161"]
[WhiteFideId "13900030"]
[BlackFideId "6363342"]
[EventDate "2025.06.03"]

1. e4 e5 2. Nf3 Nf6 3. Nxe5 d6 4. Nd3 Nxe4 5. Qe2 Qe7 6. Nf4 c6 7. d3 Nf6 8. Be3
d5 9. Nc3 g6 10. O-O-O Bg7 11. Bc5 Qxe2 12. Bxe2 Nbd7 13. Ba3 Bh6 14. g3 Kd8 15.
Kb1 Kc7 16. Rhe1 Bf8 17. Bxf8 Rxf8 18. d4 h5 19. h4 Kd6 20. Bf3 Nb6 21. Nd3 Bg4
22. Bxg4 hxg4 23. Ne5 Rae8 24. Re3 Re6 25. Rde1 Nc4 26. Nxf7+ 1-0

[Event "Titled Tue 3rd Jan Late"]
[Site "chess.com INT"]
[Date "2025.06.03"]
[Round "1"]
[White "Rustemov, Alexander"]
[Black "Jasinski, Alexander"]
[Result "1/2-1/2"]
[WhiteTitle "GM"]
[WhiteElo "2525"]
[BlackElo "1964"]
[WhiteFideId "4119002"]
[BlackFideId "55627994"]
[EventDate "2025.06.03"]

1. d4 Nf6 2. c4 g6 3. Nf3 Bg7 4. g3 O-O 5. Bg2 d6 6. Nc3 Nc6 7. O-O a6 8. h3 Rb8
9. e4 e5 10. Be3 exd4 11. Nxd4 Nxd4 12. Bxd4 Re8 13. Qc2 b5 14. cxb5 axb5 15.
Rac1 c5 16. Bxf6 Bxf6 17. Rfd1 Be6 18. b3 Qb6 19. Nd5 Bxd5 20. Rxd5 Bd4 21. Rd1
Re5 22. Rxe5 dxe5 23. Bf1 Ra8 24. Kg2 Qa5 25. Rd2 Qb6 26. a4 bxa4 27. bxa4 Qb4
28. Bb5 c4 29. Rd1 c3 30. Rb1 Qc5 31. h4 h5 32. Qb3 Kg7 33. Qc2 Ra7 34. Rf1 Qb4
35. Rb1 Qa3 36. Rf1 Qb4 37. Rb1 Qa3 38. Rf1 Qb4 1/2-1/2

[Event "Titled Tue 3rd Jan Late"]
[Site "chess.com INT"]
[Date "2025.06.03"]
[Round "1"]
[White "Cornelisse, Lorelei"]
[Black "Gharibyan, Mamikon"]
[Result "0-1"]
[WhiteTitle "WFM"]
[BlackTitle "GM"]
[WhiteElo "2132"]
[BlackElo "2472"]
[WhiteFideId "1087177"]
[BlackFideId "13308300"]
[EventDate "2025.06.03"]

1. d4 Nf6 2. Nc3 d5 3. Bf4 c5 4. e3 Bg4 5. Be2 Bxe2 6. Qxe2 Nc6 7. Qb5 Qb6 8.
dxc5 Qxb5 9. Nxb5 e5 10. Bg5 O-O-O 11. O-O-O Bxc5 12. Nf3 Rd7 13. Bxf6 gxf6 14.
Nc3 Ne7 15. g3 Rhd8 16. Rd2 Bb4 17. Rhd1 Bxc3 18. bxc3 Rc7 19. Kb2 Rd6 20. e4
Rb6+ 21. Ka1 Rxc3 22. exd5 Rxf3 23. d6 Nc6 24. d7+ Kd8 25. Rd6 0-1

[Event "Titled Tue 3rd Jan Late"]
[Site "chess.com INT"]
[Date "2025.06.03"]
[Round "1"]
[White "Terry, Renato"]
[Black "Naranjo Moreno, Antonio"]
[Result "1-0"]
[WhiteTitle "IM"]
[BlackTitle "FM"]
[WhiteElo "2508"]
[BlackElo "2289"]
[WhiteFideId "3803457"]
[BlackFideId "2278626"]
[EventDate "2025.06.03"]

1. e4 e5 2. Nf3 Nc6 3. c3 Nf6 4. d4 exd4 5. e5 Ne4 6. Qe2 d5 7. exd6 Bf5 8. Nbd2
d3 9. Qe3 Bxd6 10. Nxe4 O-O 11. Bxd3 Ne5 12. Nxe5 Bxe5 13. O-O Re8 14. Qf3 Bg6
15. g3 f5 16. Ng5 Qf6 17. Bc4+ Kh8 18. Bf4 h6 19. Bxe5 Rxe5 20. Nh3 Be8 21. Nf4
Bc6 22. Bd5 1-0

[Event "Titled Tue 3rd Jan Late"]
[Site "chess.com INT"]
[Date "2025.06.03"]
[Round "1"]
[White "Sharankov, Grigory"]
[Black "Grigorjev, Iljya"]
[Result "0-1"]
[WhiteTitle "CM"]
[BlackTitle "IM"]
[WhiteElo "2238"]
[BlackElo "2433"]
[WhiteFideId "4168356"]
[BlackFideId "24159565"]
[EventDate "2025.06.03"]

1. Nf3 Nf6 2. g3 g6 3. Bg2 Bg7 4. O-O O-O 5. b3 d5 6. Bb2 c5 7. d3 Nc6 8. c4 d4
9. Nbd2 e5 10. a3 Re8 11. Qc2 h6 12. Ne4 Nxe4 13. dxe4 a5 14. Ne1 a4 15. Nd3
axb3 16. Qxb3 b6 17. Qc2 Na5 18. Bc1 Ba6 19. Nb2 b5 20. cxb5 Bxb5 21. Qxc5 Bxe2
22. Bd2 Nb3 23. Qb4 Rb8 0-1

[Event "Titled Tue 3rd Jan Late"]
[Site "chess.com INT"]
[Date "2025.06.03"]
[Round "1"]
[White "Postny, Evgeny"]
[Black "Daspres, Loic"]
[Result "1-0"]
[WhiteTitle "GM"]
[BlackTitle "CM"]
[WhiteElo "2525"]
[BlackElo "2207"]
[WhiteFideId "2804344"]
[BlackFideId "20612281"]
[EventDate "2025.06.03"]

1. e4 c5 2. Nc3 g6 3. f4 Bg7 4. Nf3 Nc6 5. Bc4 d6 6. d3 Rb8 7. O-O Nd4 8. Nxd4
Bxd4+ 9. Kh1 e6 10. f5 Ne7 11. fxe6 Bxe6 12. Bxe6 fxe6 13. Bh6 Ng8 14. Bd2 Nf6
15. Ne2 Be5 16. c3 Ng4 17. h3 Qh4 18. d4 Nf2+ 19. Rxf2 Qxf2 20. dxe5 dxe5 21.
Bh6 Ke7 22. Ng1 Qh4 23. Be3 b6 24. Nf3 Qh5 25. Bg5+ Ke8 26. Qd6 Rb7 27. Qxe6+ 1-0

[Event "Titled Tue 3rd Jan Late"]
[Site "chess.com INT"]
[Date "2025.06.03"]
[Round "1"]
[White "Danzer, George"]
[Black "Ghimoyan, Narek"]
[Result "0-1"]
[WhiteTitle "CM"]
[BlackTitle "CM"]
[WhiteElo "2172"]
[BlackElo "2273"]
[WhiteFideId "4659465"]
[BlackFideId "13315412"]
[EventDate "2025.06.03"]

1. e4 c5 2. Nf3 d6 3. d4 cxd4 4. Nxd4 Nf6 5. Nc3 a6 6. Bg5 e6 7. f4 Be7 8. Qf3
Qc7 9. O-O-O Nbd7 10. Bd3 b5 11. Rhe1 Bb7 12. Kb1 h6 13. Bxf6 Nxf6 14. h4 b4 15.
Nce2 Nd7 16. h5 Bf6 17. g4 Qb6 18. Nb3 a5 19. Bc4 a4 20. Nbd4 Nc5 21. Ng3 b3 22.
cxb3 axb3 23. Nxb3 O-O 24. g5 hxg5 25. fxg5 Bxg5 26. e5 Bxf3 0-1

[Event "Titled Tue 3rd Jan Late"]
[Site "chess.com INT"]
[Date "2025.06.03"]
[Round "1"]
[White "Tang, Andrew"]
[Black "Ferreira, Vitor Hugo Vieira"]
[Result "1-0"]
[WhiteTitle "GM"]
[WhiteElo "2529"]
[BlackElo "2128"]
[WhiteFideId "2059630"]
[BlackFideId "2119765"]
[EventDate "2025.06.03"]

1. d4 d5 2. Bf4 c5 3. e4 e6 4. Nc3 Nf6 5. Nb5 Na6 6. e5 Nd7 7. Nf3 Be7 8. c3 Nc7
9. Nd6+ Bxd6 10. exd6 Na6 11. Bd3 h6 12. Qd2 Nab8 13. O-O Nc6 14. Rfe1 Qf6 15.
Rad1 O-O 16. Bb1 Re8 17. Ne5 cxd4 18. cxd4 Nf8 19. Qe3 Bd7 20. Qg3 Rad8 21. Ng4 1-0

[Event "Titled Tue 3rd Jan Late"]
[Site "chess.com INT"]
[Date "2025.06.03"]
[Round "1"]
[White "Ngo, Quang Thai"]
[Black "Kleimenov, Nikolay"]
[Result "0-1"]
[BlackTitle "CM"]
[WhiteElo "2341"]
[BlackElo "2198"]
[WhiteFideId "12403768"]
[BlackFideId "34414223"]
[EventDate "2025.06.03"]

1. d4 Nf6 2. Nf3 g6 3. c3 Bg7 4. Bf4 O-O 5. Nbd2 d6 6. e4 Re8 7. Be2 Nbd7 8. h3
e5 9. dxe5 dxe5 10. Be3 c6 11. O-O Qe7 12. Qc2 Nc5 13. Rfe1 b6 14. b4 Nb7 15. a4
Nd6 16. a5 Rb8 17. axb6 axb6 18. Bf1 Nh5 19. Nc4 Nxc4 20. Bxc4 Be6 21. Bxe6 Qxe6
22. Ra7 Qc4 23. Ng5 Rf8 24. Rd1 h6 25. Nf3 Rfd8 26. Rxd8+ Rxd8 27. Bxb6 Rd3 28.
Qa2 Rd1+ 29. Kh2 Qf1 30. Qxf7+ Kh7 0-1

[Event "Titled Tue 3rd Jan Late"]
[Site "chess.com INT"]
[Date "2025.06.03"]
[Round "1"]
[White "Martinez Alcantara, Jose Eduardo"]
[Black "Sairam, Pranav"]
[Result "1-0"]
[WhiteTitle "GM"]
[WhiteElo "2611"]
[BlackElo "2015"]
[WhiteFideId "3805662"]
[BlackFideId "30951330"]
[EventDate "2025.06.03"]

1. e4 e5 2. Nf3 Nf6 3. Nc3 Nc6 4. h3 Be7 5. Bb5 O-O 6. Bxc6 dxc6 7. d3 Qd6 8.
Be3 c5 9. Qe2 a6 10. O-O-O b5 11. Qe1 Be6 12. Kb1 Nd7 13. Ne2 a5 14. Nd2 a4 15.
f4 f6 16. Rf1 Nb6 17. Qg3 b4 18. Nc1 b3 19. cxb3 axb3 20. Ndxb3 Na4 21. fxe5
fxe5 22. Rxf8+ Rxf8 23. Rd2 Qc6 24. Rc2 c4 25. Qxe5 Bf6 26. Nd4 Bxe5 27. Nxc6
cxd3 28. Nxd3 Rf1+ 29. Rc1 Bc4 30. Ncxe5 1-0

[Event "Titled Tue 3rd Jan Late"]
[Site "chess.com INT"]
[Date "2025.06.03"]
[Round "1"]
[White "Vazelakis, Dimitrios"]
[Black "Robert, Yoann"]
[Result "0-1"]
[BlackTitle "CM"]
[WhiteElo "1857"]
[BlackElo "2198"]
[WhiteFideId "4203674"]
[BlackFideId "36018805"]
[EventDate "2025.06.03"]

1. c4 Nf6 2. Nc3 Nc6 3. g3 d5 4. cxd5 Nxd5 5. Bg2 Nb6 6. e3 e5 7. Nge2 Be7 8.
O-O O-O 9. f4 Nd7 10. b3 Bd6 11. Bb2 Nf6 12. fxe5 Nxe5 13. d4 Neg4 14. Qd3 c5
15. h3 cxd4 16. exd4 Nh6 17. Rae1 g6 18. g4 Nhxg4 19. hxg4 Nxg4 20. Ne4 Qh4 21.
Qh3 Bh2+ 22. Kh1 Nf2+ 23. Nxf2 Bxh3 24. Nxh3 Bd6 25. d5 Rfe8 26. Nf4 Rxe1 27.
Rxe1 Qxe1+ 0-1